000 00288 a2200109 4500
000 nam a22 7a 4500
020 _a9780128006450
100 _aPharr, Matt
245 _aPhysically based rendering : from theory to implementation
250 _aThird edition.
260 _bElsevier,
_c2017
999 _c85586
_d85586